000 00690nam a2200241Ia 4500
003 OSt
005 20220918223716.0
006 a|||||r|||| 00| 0
007 ta
008 220917b |||||||| |||| 00| 0 eng d
024 _a224,854
037 _cTextual
040 _aARTS
_cARTS
_beng
041 _2eng
_aeng
082 _aY15v5.N70<-M90, P5
100 _aAllen Ann Taylor
_9146479
245 0 _aFeminism and motherhood in Western Europe, 1890-1970
_b The maternal dilemma
260 _aNew York
_bPalgrave
_c2005
300 _ax, 354p
_ccm.
650 _aSOCIOLOGY
942 _hY15v5.N70<-M90, P5
_cTEXL
_2CC
999 _c279286
_d279286